The preservation of wild life in India (Record no. 400448)

000 -LEADER
fixed length control field 00375cam a22001457a 4500
008 - FIXED-LENGTH DATA ELEMENTS--GENERAL INFORMATION
fixed length control field 180718b1988 xxu||||| |||| 00| 0 eng d
020 ## - INTERNATIONAL STANDARD BOOK NUMBER
International Standard Book Number 8170350492
082 ## - DEWEY DECIMAL CLASSIFICATION NUMBER
Classification number Y7x54 P926
245 ## - TITLE STATEMENT
Title The preservation of wild life in India
260 ## - PUBLICATION, DISTRIBUTION, ETC.
Place of publication, distribution, etc. Delhi
Name of publisher, distributor, etc. Daya
Date of publication, distribution, etc. 1988
300 ## - PHYSICAL DESCRIPTION
Extent 90p.
650 ## - SUBJECT ADDED ENTRY--TOPICAL TERM
Topical term or geographic name entry element Zoology - India
650 ## - SUBJECT ADDED ENTRY--TOPICAL TERM
Topical term or geographic name entry element Animals
650 ## - SUBJECT ADDED ENTRY--TOPICAL TERM
Topical term or geographic name entry element Wildlife conservation - India
Holdings
Withdrawn status Lost status Damaged status Not for loan Permanent Location Current Location Date acquired Full call number Barcode Date last seen Price effective from Koha item type
        Indian Institute of Public Administration Indian Institute of Public Administration 2002-10-23 Y7x54 P926 74699 2018-07-21 2018-07-21 Book

Powered by Koha